000 00436nam a22001457a 4500
005 20180115145913.0
008 180115b xxu||||| |||| 00| 0 eng d
020 _a086037128X
040 _cPK-LaUMT
082 _aPKAC 297.0917671016
_bISL-
245 _aIslamic economics :
_bannotated sources in English and Urdu/
_cMuhammad Akram Khan(Comp)
260 _aLeicester:
_bThe Islamic Foundation,
_c1983
300 _a221 p.
942 _cBK
999 _c101668
_d101668